Sports Quiz

Random Sports Quiz

Wycombe Wanderers players under Gareth Ainsworth Quiz Stats

 Plays Quiz not verified by Sporcle

Score 0/100 Timer 10:00
0 Plays Today
Hint Answer % Correct
Striker, signed 2016Adebayo Akinfenwa
90.2%
Defender, signed 2014Joe Jacobson
87%
Goalkeeper, signed 2016Ryan Allsop
85.1%
Midfielder, signed 2015Sam Saunders
85.1%
Winger, signed 2013Paris Cowan-Hall
81.9%
Midfielder, signed 2016Dominic Gape
81.9%
Defender, signed 2014Sido Jombati
81.7%
Defender, signed from youth teamAnthony Stewart
81.4%
Midfielder, signed 2003Matt Bloomfield
80.4%
Defender, signed 2017Adam El-Abd
80%
Goalkeeper, signed from youth teamMatt Ingram
80%
Midfielder, signed 2018Curtis Thompson
78.7%
Striker, signed 2015Garry Thompson
77.5%
Defender, signed 2014Aaron Pierre
77%
Striker, signed 2004Nathan Tyson
75.8%
Defender, signed 2013Michael Harriman
74.1%
Striker, signed 2017Craig Mackail-Smith
74.1%
Striker, signed 2016Scott Kashket
70.7%
Striker, signed 2012Paul Hayes
69.9%
Midfielder, signed 2015Marcus Bean
69.2%
Defender, signed 2015Jason McCarthy
68.5%
Goalkeeper, signed 2016Scott Brown
65.3%
Midfielder, signed 2015Luke O'Nien
64.8%
Striker, signed 2018Alex Samuel
63.6%
Winger, signed 2019Luke Bolton
61.4%
Midfielder, signed 2012Sam Wood
61.4%
Winger, signed 2018Randell Williams
60.9%
Defender, signed 2014Alfie Mawson
59.2%
Defender, signed 2017Jack Williams
57.5%
Striker, signed 2014Fred Onyedinma
57.2%
Goalkeeper, signed 2017Yves Ma-Kalambay
55.5%
Midfielder, signed 2017Eberechi Eze
52.8%
Winger, signed 2009Gareth Ainsworth
51.1%
Winger, signed 2016Nick Freeman
50.6%
Hint Answer % Correct
Defender, signed 2018Charlie Fox
49.9%
Goalkeeper, signed 2016Jamal Blackman
49.1%
Midfielder, signed from youth teamJosh Scowen
47.9%
Goalkeeper, signed 2018Stephen Henderson
46.9%
Striker, signed from youth teamMatt McClure
46.5%
Goalkeeper, signed 2018David Stockdale
45.7%
Midfielder, signed 2018Bryn Morris
45.2%
Defender, signed 2018Darius Charles
44.3%
Striker, signed 2013Steven Craig
42.8%
Goalkeeper, signed 2014Alex Lynch
42.5%
Goalkeeper, signed 2014Barry Richardson
42.5%
Striker, signed 2014Aaron Amadi-Holloway
40.3%
Midfielder, signed 2015Nico Yennaris
37.4%
Defender, signed 2007Leon Johnson
36.2%
Goalkeeper, signed 2010Nikki Bull
32.5%
Striker, signed 2012Dean Morgan
32.5%
Midfielder, signed 2010Stuart Lewis
31.8%
Winger, signed 2016Myles Weston
30.1%
Defender, signed 2014Danny Rowe
27.9%
Defender, signed from youth teamKortney Hause
27.6%
Defender, signed 2017Dan Scarr
27.6%
Defender, signed from youth teamCharles Dunne
25.9%
Striker, signed 2015Gozie Ugwu
25.4%
Defender, signed 2018Tafari Moore
24.9%
Goalkeeper, signed 2012Jordan Archer
24.7%
Defender, signed 2016Max Muller
24.2%
Defender, signed 2012Gary Doherty
24%
Defender, signed 2010Marvin McCoy
23.2%
Winger, signed 2011Joel Grant
21.5%
Striker, signed 2016Jerell Sellars
21.5%
Midfielder, signed 2014Peter Murphy
21.3%
Winger, signed 2014Hogan Ephraim
21%
Midfielder, signed from youth teamMax Kretzschmar
20.8%
Striker, signed 2013Jo Kuffour
20.8%
Hint Answer % Correct
Midfielder, signed 2015Ryan Sellers
20.5%
Striker, signed 2017Josh Umerah
20.5%
Defender, signed 2010Dave Winfield
20%
Winger, signed from youth teamJunior Morias
19.8%
Striker, signed 2016Dayle Southwell
19.3%
Midfielder, signed 2015Stephen McGinn
18.8%
Defender, signed 2013Nick Arnold
18.6%
Defender, signed 2010Danny Foster
17.1%
Defender, signed 2018Nathan McGinley
17.1%
Goalkeeper, signed 2016Cameron Dawson
15.2%
Defender, signed 2016Will De Havilland
15.2%
Striker, signed 2014Reece Styche
14.7%
Striker, signed from youth teamOliver Taylor
14.7%
Midfielder, signed from youth teamJesse Kewley-Graham
14.4%
Striker, signed 2017Alex Jakubiak
13.9%
Striker, signed 2012Dennis Oli
13.9%
Winger, signed 2015Jason Banton
13.7%
Midfielder, signed 2012Matt Spring
13.7%
Striker, signed 2016Rowan Liburd
13.4%
Striker, signed 2012Richard Logan
13.4%
Winger, signed 2012Bruno Andrade
11.7%
Striker, signed 2010Jon-Paul Pittman
11.2%
Winger, signed 2014Anthony Jeffrey
10.8%
Defender, signed 2013Tommy Fletcher
9.5%
Defender, signed 2015Janoi Donacien
9%
Midfielder, signed from youth teamGeorges Ehui
9%
Midfielder, signed 2015Courtney Senior
9%
Midfielder, signed 2015Jermaine Udumaga
6.8%
Striker, signed 2012Ade Azeez
6.1%
Midfielder, signed 2013Billy Knott
5.4%
Midfielder, signed 2014Sam Togwell
5.1%
Defender, signed 2013Jordan Mustoe
3.2%

You're not logged in!

Compare scores with friends on all Sporcle quizzes.
OR
Log In

You Might Also Like...

Show Comments

Extras

Top Quizzes Today


Score Distribution

Your Account Isn't Verified!

In order to create a playlist on Sporcle, you need to verify the email address you used during registration. Go to your Sporcle Settings to finish the process.

Report this User

Report this user for behavior that violates our Community Guidelines.

Details: